Normal view
MARC view
- Hadi, Mahsan.
Entry Personal Name
001 - CONTROL NUMBER
- control field: 1844
003 - CONTROL NUMBER IDENTIFIER
- control field: OSt
005 - DATE AND TIME OF LATEST TRANSACTION
- control field: 20170505150342.0
008 - FIXED-LENGTH DATA ELEMENTS
- fixed length control field: 170505|| aca||aabn | a|a d
040 ## - CATALOGING SOURCE
- Original cataloging agency: OSt
- Transcribing agency: OSt
100 ## - HEADING--PERSONAL NAME
- Personal name: Hadi, Mahsan.
- Dates associated with a name: 1985-
670 ## - SOURCE DATA FOUND
- Source citation: Work cat.: (OSt): Hadi, Mahsan. 1985-, Hadith Al Suna Al Sita /, 1985

PORTAL AKMAL
E-MEL JKDM
AKMAL2U
G-BAM
u-PUSTAKA